=LDR 00000nam 2200000 4500 =001 INLIS000000000042340 =005 20200213065657 =035 ##$$a 0010-101300000000262 =008 200213################g##########0#ind## =082 ##$$a 070.43 =090 ##$$a 070.43, War w =245 1#$$a Wartawan Asia : $b Penuntun Mengenai Teknik Membuat Berita /$c Generoso J. Gil, Jr =260 ##$$a Jakarta :$b Yayasan Obor Indonesia,$c 1987 =300 ##$$a xii, 225 hlm, Bibl, ; $c 14 x 21 cm =650 #4$$a Wartawan Asia =850 ##$$a NBPNMAT =084 ##$$a 070.43 GEN w =100 #$$a Generoso J. Gil, Jr =250 ##$$a Cet.1 =990 ##$$a 00087635 =990 ##$$a 00088914